| 000 | 00882nam a2200265 a 4500 | ||
|---|---|---|---|
| 001 | 70113 | ||
| 003 | BD-RjUL | ||
| 005 | 20211209081950.0 | ||
| 008 | 170416s1983 paua b 001 0 eng | ||
| 020 | _a0879334363 | ||
| 035 | _a(BD-RjUL)70325 | ||
| 040 |
_aDLC _cDLC _dDLC _dOCoLC _dDLC _dBD-RjUL _beng |
||
| 041 | _aeng | ||
| 082 | 0 | 0 |
_a552.58 _223 _bMOD 1983 |
| 245 | 0 | 0 |
_aModern carbonate environments / _cedited by Ajit Bhattacharyya and Gerald M. Friedman. |
| 260 |
_aStroudsburg, Pa. : _bHutchinson Ross, _cc1983. |
||
| 300 |
_axi, 376 p. : _bill. ; _c26 cm. |
||
| 504 | _aIncludes bibliographies and indexes. | ||
| 650 | 0 |
_aCarbonate rocks. _9207646 |
|
| 700 | 1 |
_aBhattacharyya, Ajit Kumar, _d1917- _9207647 |
|
| 700 | 1 |
_aFriedman, Gerald M. _9207648 |
|
| 856 |
_3Benchmark papers in geology ; _u74 |
||
| 942 |
_2ddc _cBK |
||
| 999 |
_c70113 _d70113 |
||